000 00609cab a2200229 4500
001 ABS57824
008 090401t1997 xxu||||| |||| 00| 0 eng d
035 _a(Sirsi) u81856
041 _aeng
100 _aMcGowan, A
245 _aThoughts on the law of fixtures
260 _c1997
350 _a0
490 _aProperty Law
_v(29) October 1997, 4-6(3)
520 _aExamines the law of fixtures, with reference to recent case law.
650 _aELITESTONE LTD V MORRIS
650 _aFIXTURES
650 _aSCOTS LAW
690 _aPROPERTY LAW AND PRACTICE
942 _n0
948 _c03/11/1997
999 _c51617
_d51617